[Event "European Blitz 2017"]
[Site "Katowice POL"]
[Date "2017.12.15"]
[Round "12.10"]
[White "McShane, Luke J"]
[Black "Aleksandrov, Aleksej"]
[Result "0-1"]
[WhiteTitle "GM"]
[BlackTitle "GM"]
[WhiteElo "2640"]
[BlackElo "2589"]
[WhiteFideId "404853"]
[BlackFideId "13500139"]
[EventDate "2017.12.15"]
[EventType "blitz"]

1. e4 e5 2. Nf3 Nc6 3. Bb5 Nf6 4. d3 d6 5. O-O Bd7 6. c3 g6 7. Re1 Bg7 8. d4 O-O
9. Bf1 Bg4 10. d5 Ne7 11. c4 c5 12. Nc3 Nh5 13. h3 Bd7 14. g3 h6 15. Nh4 Qe8 16.
Nb5 Bxb5 17. cxb5 f5 18. exf5 gxf5 19. g4 fxg4 20. hxg4 Nf4 21. Bxf4 Rxf4 22.
Ng2 Rd4 23. Qf3 Qg6 24. Rad1 Rf8 25. Qh3 Qxg4 26. Qxg4 Rxg4 27. Re3 Nf5 28. Ra3
Nd4 29. Rdd3 Nxb5 30. Rg3 Rxg3 31. Rxg3 Nd4 32. Ne3 Kh8 33. Bd3 Nf3+ 34. Kf1 e4
35. Be2 Bxb2 36. Rg6 Rf6 37. Rg3 0-1

[Event "European Blitz 2017"]
[Site "Katowice POL"]
[Date "2017.12.15"]
[Round "12.11"]
[White "Saric, Ivan"]
[Black "Moskalenko, Alexander"]
[Result "1-0"]
[WhiteTitle "GM"]
[BlackTitle "IM"]
[WhiteElo "2669"]
[BlackElo "2522"]
[WhiteFideId "14508150"]
[BlackFideId "4155351"]
[EventDate "2017.12.15"]
[EventType "blitz"]

1. e4 e6 2. d4 d5 3. Nc3 Nf6 4. Bg5 h6 5. Bxf6 Qxf6 6. exd5 Bb4 7. Bb5+ c6 8.
dxc6 bxc6 9. Be2 O-O 10. Nf3 c5 11. O-O cxd4 12. Ne4 Qe7 13. Nxd4 Bb7 14. Bf3
Nc6 15. Nxc6 Bxc6 16. c3 Ba5 17. Nf6+ Qxf6 18. Bxc6 Rab8 19. Qc2 Rfc8 20. Bf3
Rc4 21. Rad1 g6 22. Rd3 Bb6 23. g3 Qe5 24. b3 Rc7 25. Rfd1 h5 26. Qe2 Qf6 27. c4
h4 28. Kg2 hxg3 29. hxg3 Rc5 30. Be4 Rh5 31. Kg1 Rf8 32. Bg2 Rf5 33. Rf3 Rxf3
34. Qxf3 Qb2 35. a4 Qc2 36. Rd7 Bc5 37. Bh3 Qb2 38. Kg2 a5 39. Rc7 Bd4 40. c5
Qc2 41. Rxf7 Rxf7 42. Bxe6 Kg7 43. Qxf7+ Kh6 44. Qf4+ Kh7 45. Qxd4 1-0

[Event "European Blitz 2017"]
[Site "Katowice POL"]
[Date "2017.12.15"]
[Round "12.12"]
[White "Tari, Aryan"]
[Black "Plat, Vojtech"]
[Result "1-0"]
[WhiteTitle "GM"]
[BlackTitle "GM"]
[WhiteElo "2593"]
[BlackElo "2567"]
[WhiteFideId "1510045"]
[BlackFideId "325740"]
[EventDate "2017.12.15"]
[EventType "blitz"]

1. e4 d6 2. d4 Nf6 3. Nc3 e5 4. dxe5 dxe5 5. Qxd8+ Kxd8 6. Bg5 Be6 7. O-O-O+ Nd7
8. g3 Kc8 9. f4 h6 10. Bxf6 Nxf6 11. Nf3 exf4 12. gxf4 Bg4 13. Be2 Bc5 14. Kb1
Rd8 15. h3 Rxd1+ 16. Rxd1 Bxh3 17. Ne5 c6 18. Nxf7 Kc7 19. e5 Rf8 20. Bc4 Nh5
21. Ne4 Be7 22. e6 Nxf4 23. Rd7+ Kb6 24. Rxe7 Nxe6 25. Ned6 Nd8 26. b4 c5 27.
Nxd8 Rxd8 28. bxc5+ Kxc5 29. Nxb7+ Kxc4 30. Nxd8 g6 31. Rxa7 Bf5 32. Nf7 Kd5 1-0

[Event "European Blitz 2017"]
[Site "Katowice POL"]
[Date "2017.12.15"]
[Round "12.13"]
[White "Kovalenko, Igor"]
[Black "Manik, Mikulas"]
[Result "1-0"]
[WhiteTitle "GM"]
[BlackTitle "GM"]
[WhiteElo "2639"]
[BlackElo "2415"]
[WhiteFideId "14117908"]
[BlackFideId "14900734"]
[EventDate "2017.12.15"]
[EventType "blitz"]

1. e4 c5 2. Nf3 d6 3. Bb5+ Nd7 4. a4 a6 5. Be2 g6 6. a5 Bg7 7. O-O Ngf6 8. d3
O-O 9. Nbd2 b5 10. axb6 Nxb6 11. h3 e5 12. b3 Nh5 13. Nc4 Nxc4 14. bxc4 f5 15.
Ra3 fxe4 16. dxe4 Bb7 17. Ng5 Qe7 18. Bg4 Nf4 19. Bxf4 exf4 20. Rb3 Qxg5 21.
Rxb7 Bd4 22. Qf3 h5 23. Be6+ Kh8 24. Rfb1 Rae8 25. Bd5 Re7 26. R7b6 Be5 27. Rxa6
Qh6 28. Rab6 g5 29. Rb7 Rxb7 30. Rxb7 g4 31. hxg4 hxg4 32. Qxg4 f3 33. gxf3 Ra8
34. Rb1 Qh2+ 35. Kf1 Qh1+ 36. Qg1 Qxf3 37. Bxa8 d5 38. Bxd5 Bg3 39. Qxg3 Qe2+
40. Kxe2 1-0

[Event "European Blitz 2017"]
[Site "Katowice POL"]
[Date "2017.12.15"]
[Round "12.14"]
[White "Meskovs, Nikita"]
[Black "Buhmann, Rainer"]
[Result "1-0"]
[WhiteTitle "GM"]
[BlackTitle "GM"]
[WhiteElo "2538"]
[BlackElo "2584"]
[WhiteFideId "11602740"]
[BlackFideId "4651340"]
[EventDate "2017.12.15"]
[EventType "blitz"]

1. d4 d5 2. c4 e6 3. Nf3 Nf6 4. g3 dxc4 5. Bg2 c6 6. Ne5 Bb4+ 7. Nc3 Nd5 8. Bd2
Nb6 9. a3 Be7 10. e3 N8d7 11. Qg4 O-O 12. h4 f5 13. Qe2 Nxe5 14. dxe5 Nd7 15. f4
Nc5 16. O-O Qd3 17. Qf2 Nb3 18. Rad1 Qc2 19. Be1 Qxf2+ 20. Bxf2 Rb8 21. e4 Bc5
22. Bxc5 Nxc5 23. Rd4 Nd3 24. b3 c5 25. Rd6 b5 26. Rd1 a5 27. exf5 exf5 28. Bd5+
Kh8 29. bxc4 Nb2 30. Rb1 b4 31. axb4 cxb4 32. Nb5 Na4 33. e6 Nc3 34. Re1 Nxd5
35. cxd5 Rxb5 36. e7 Rg8 37. e8=Q Rc5 38. Rd8 1-0

[Event "European Blitz 2017"]
[Site "Katowice POL"]
[Date "2017.12.15"]
[Round "12.15"]
[White "Fedorov, Alexei"]
[Black "Fridman, Daniel"]
[Result "1-0"]
[WhiteTitle "GM"]
[BlackTitle "GM"]
[WhiteElo "2573"]
[BlackElo "2633"]
[WhiteFideId "13500465"]
[BlackFideId "11600454"]
[EventDate "2017.12.15"]
[EventType "blitz"]

1. e4 c6 2. Nc3 d5 3. Qe2 d4 4. Nd1 e5 5. d3 Bb4+ 6. c3 Ba5 7. f4 exf4 8. Bxf4
Nf6 9. Nf3 O-O 10. b4 Bb6 11. cxd4 Bxd4 12. Nxd4 Qxd4 13. Qb2 Qxb2 14. Nxb2 Be6
15. Be2 a5 16. bxa5 Rxa5 17. a4 Nbd7 18. O-O c5 19. Bd2 Ra7 20. a5 Ne5 21. Rac1
Nfd7 22. Na4 Rc8 23. d4 Nc6 24. d5 Nd4 25. Bd1 b5 26. axb6 Rxa4 27. dxe6 Ra2 28.
exd7 Rd8 29. Be3 1-0

[Event "European Blitz 2017"]
[Site "Katowice POL"]
[Date "2017.12.15"]
[Round "12.16"]
[White "Pavlidis, Antonios"]
[Black "Piorun, Kacper"]
[Result "1/2-1/2"]
[WhiteTitle "GM"]
[BlackTitle "GM"]
[WhiteElo "2539"]
[BlackElo "2651"]
[WhiteFideId "4212312"]
[BlackFideId "1130420"]
[EventDate "2017.12.15"]
[EventType "blitz"]

1. e4 e6 2. d4 d5 3. Nd2 a6 4. Ngf3 c5 5. exd5 exd5 6. dxc5 Bxc5 7. Nb3 Bb6 8.
Bd3 Nf6 9. Qe2+ Qe7 10. Qxe7+ Kxe7 11. Bg5 h6 12. Bh4 Nc6 13. O-O-O g5 14. Bg3
Be6 15. Ne5 Nh5 16. Nxc6+ bxc6 17. Be5 f6 18. Bd4 Bxd4 19. Nxd4 Kd6 20. g3 Ng7
21. Rhe1 Bd7 22. c4 Rhe8 23. Rxe8 Nxe8 24. Re1 Nc7 25. Kc2 Re8 26. Rxe8 Nxe8 27.
cxd5 Kxd5 28. Nb3 Nc7 29. Kc3 c5 30. Bc4+ Kd6 31. Nd2 Bc6 32. Kd3 Ke5 33. b3 Nd5
34. a3 a5 35. Bxd5 Kxd5 36. a4 Bb7 37. Ne4 f5 38. Nc3+ Kc6 39. f4 Ba6+ 40. Ke3
g4 41. Nb1 Bc8 42. Nd2 Be6 43. Kd3 Kc7 44. Kc3 Kc6 45. Nf1 Kc7 46. Ne3 Kc6 47.
Nc2 Kc7 48. Ne3 Kc6 49. Nd1 Kd5 50. Kd3 Kc6 51. Kc3 Kd5 52. Kd3 Kc6 1/2-1/2

[Event "European Blitz 2017"]
[Site "Katowice POL"]
[Date "2017.12.15"]
[Round "12.17"]
[White "Rodshtein, Maxim"]
[Black "Stupak, Kirill"]
[Result "1-0"]
[WhiteTitle "GM"]
[BlackTitle "GM"]
[WhiteElo "2699"]
[BlackElo "2588"]
[WhiteFideId "2806851"]
[BlackFideId "13503758"]
[EventDate "2017.12.15"]
[EventType "blitz"]

1. d4 Nf6 2. c4 b6 3. f3 Nc6 4. Nc3 e5 5. d5 Ne7 6. e4 Ng6 7. Be3 Bc5 8. Qd2 d6
9. O-O-O Bd7 10. Kb1 Bxe3 11. Qxe3 c6 12. dxc6 Bxc6 13. Nge2 Qc7 14. Nc1 Nf8 15.
g4 Ne6 16. h4 h6 17. Nb3 Nd7 18. Nd5 Qb8 19. Rg1 Ndc5 20. Nc1 a5 21. Nc3 Qc7 22.
N1e2 O-O-O 23. Nd5 Qb7 24. Ng3 Bxd5 25. cxd5 Nf4 26. Bb5 Kb8 27. Rc1 Rc8 28. a3
a4 29. Rc4 g6 30. Rb4 Qa7 31. Rc1 Rc7 32. Rc3 Qa5 33. Nf1 Rhc8 34. Nd2 Ng2 35.
Qf2 Nf4 36. Nc4 Qa7 37. Nxd6 Rd8 38. Nc4 f6 39. Nxb6 Ncd3 40. Rxd3 1-0

[Event "European Blitz 2017"]
[Site "Katowice POL"]
[Date "2017.12.15"]
[Round "12.18"]
[White "Pultinevicius, Paulius"]
[Black "Bartel, Mateusz"]
[Result "0-1"]
[WhiteTitle "IM"]
[BlackTitle "GM"]
[WhiteElo "2371"]
[BlackElo "2609"]
[WhiteFideId "12809390"]
[BlackFideId "1112635"]
[EventDate "2017.12.15"]
[EventType "blitz"]

1. d4 e6 2. c4 b6 3. Nc3 Bb4 4. Qc2 Bb7 5. e4 f5 6. exf5 Nf6 7. f3 O-O 8. Bd3
exf5 9. Ne2 g6 10. O-O Nc6 11. a3 Be7 12. Bf4 Nh5 13. Be3 Bf6 14. f4 Ne7 15. d5
c5 16. Rae1 Nc8 17. h3 Bh4 18. Bf2 Bxf2+ 19. Rxf2 Nd6 20. g4 Ng7 21. Ng3 Qh4 22.
Kg2 fxg4 23. hxg4 Qxg4 24. Be2 Qh4 25. Rh1 Qe7 26. Bd3 Ndf5 27. Nxf5 Nxf5 28.
Qd2 Rae8 29. Ne4 b5 30. b3 Qg7 31. Ng5 h6 32. Nf3 d6 33. Rh3 Bc8 34. Rh1 Ne3+
35. Kg3 Ng4 36. Re2 h5 37. Rhe1 bxc4 38. Rxe8 cxd3 39. Qxd3 Bf5 40. Qe2 Nf6 41.
Rxf8+ Qxf8 42. Qe7 Nxd5 43. Qxf8+ Kxf8 44. Rd1 Be6 45. Ng5 Bg8 46. Kf3 Ke7 47.
Re1+ Kd7 48. Re4 Ne7 49. Ra4 Nc6 50. b4 Bb3 51. Ra6 Bc4 52. Ra4 Bb5 53. Ra5 Nxa5 0-1

[Event "European Blitz 2017"]
[Site "Katowice POL"]
[Date "2017.12.15"]
[Round "12.19"]
[White "Moranda, Wojciech"]
[Black "Konopka, Michal"]
[Result "1-0"]
[WhiteTitle "GM"]
[BlackTitle "IM"]
[WhiteElo "2593"]
[BlackElo "2381"]
[WhiteFideId "1122401"]
[BlackFideId "308633"]
[EventDate "2017.12.15"]
[EventType "blitz"]

1. d4 Nf6 2. c4 g6 3. Nc3 d5 4. e3 Bg7 5. Qb3 e6 6. Qa3 Qe7 7. Qxe7+ Kxe7 8. b3
Rd8 9. Ba3+ Ke8 10. O-O-O c6 11. Nf3 Bf8 12. Bxf8 Kxf8 13. Bd3 Nbd7 14. Rhg1 h5
15. h3 b6 16. g4 hxg4 17. hxg4 Bb7 18. g5 Ne8 19. cxd5 cxd5 20. Rh1 Rac8 21. Kb2
Nd6 22. Rh7 Ke7 23. Nh4 Kf8 24. Rh1 Nf5 25. Bxf5 exf5 26. Nb5 Kg8 27. Nf3 Nf8
28. Rh8+ Kg7 29. Nxa7 Ra8 30. Nb5 Ba6 31. Nc3 Bd3 32. Ne5 Ba6 33. Na4 Rd6 34.
R1h7+ Nxh7 35. Rxa8 1-0

[Event "European Blitz 2017"]
[Site "Katowice POL"]
[Date "2017.12.15"]
[Round "12.20"]
[White "Berchtenbreiter, Maximilian"]
[Black "Wojtaszek, Radoslaw"]
[Result "0-1"]
[WhiteTitle "IM"]
[BlackTitle "GM"]
[WhiteElo "2387"]
[BlackElo "2736"]
[WhiteFideId "24641120"]
[BlackFideId "1118358"]
[EventDate "2017.12.15"]
[EventType "blitz"]

1. e4 c6 2. d4 d5 3. exd5 cxd5 4. c4 Nf6 5. Nc3 g6 6. cxd5 Bg7 7. h3 O-O 8. Bc4
Nbd7 9. Nf3 Nb6 10. Bb3 Nfxd5 11. O-O Bf5 12. Re1 Rc8 13. Bg5 h6 14. Bh4 Nxc3
15. bxc3 g5 16. Bg3 Rxc3 17. Qd2 Rxf3 18. gxf3 Bxh3 19. Rad1 e6 20. Be5 Nd5 21.
Qd3 Nf4 22. Qb5 b6 23. Bxg7 Kxg7 24. d5 exd5 25. Bxd5 Qf6 26. Bb3 Ng2 27. Re5
Nh4 28. Re3 Nxf3+ 29. Rxf3 Qxf3 30. Rd3 Qg2# 0-1

[Event "European Blitz 2017"]
[Site "Katowice POL"]
[Date "2017.12.15"]
[Round "12.21"]
[White "Dobrowolski, Piotr"]
[Black "Ragger, Markus"]
[Result "0-1"]
[WhiteTitle "IM"]
[BlackTitle "GM"]
[WhiteElo "2421"]
[BlackElo "2657"]
[WhiteFideId "1106236"]
[BlackFideId "1610856"]
[EventDate "2017.12.15"]
[EventType "blitz"]

1. e4 e5 2. Nf3 Nc6 3. Bb5 a6 4. Ba4 d6 5. O-O Bd7 6. c4 g6 7. d4 exd4 8. Nxd4
Bg7 9. Bxc6 bxc6 10. Nc3 Ne7 11. Bg5 O-O 12. Qd2 Qe8 13. Rfe1 c5 14. Nc2 Rb8 15.
Rab1 f6 16. Bh6 Qf7 17. Bxg7 Kxg7 18. Nd5 Rb7 19. Nxe7 Qxe7 20. Ne3 Qe5 21. b3
Qd4 22. Rbd1 Qxd2 23. Rxd2 a5 24. f4 Re8 25. Nd5 a4 26. bxa4 Bxa4 27. Kf2 Bc6
28. g4 Ra7 29. h4 Kf7 30. g5 Bxd5 31. cxd5 Ra4 32. Rde2 f5 33. Kf3 Ra3+ 34. Re3
fxe4+ 35. Kg4 Rxa2 36. Rxe4 Rxe4 37. Rxe4 Rd2 38. Ra4 Ke7 39. Ra8 c4 40. Kf3 c3
41. Ke3 Rxd5 42. Ra3 c2 43. Rc3 Rc5 44. Rxc5 dxc5 45. Kd2 Ke6 0-1

[Event "European Blitz 2017"]
[Site "Katowice POL"]
[Date "2017.12.15"]
[Round "12.22"]
[White "Brunello, Sabino"]
[Black "Miezis, Normunds"]
[Result "1-0"]
[WhiteTitle "GM"]
[BlackTitle "GM"]
[WhiteElo "2553"]
[BlackElo "2434"]
[WhiteFideId "813613"]
[BlackFideId "11600136"]
[EventDate "2017.12.15"]
[EventType "blitz"]

1. c4 c5 2. b3 Nc6 3. Bb2 e5 4. g3 g6 5. Bg2 Bg7 6. e3 Nge7 7. Nc3 d6 8. Nge2
O-O 9. O-O Rb8 10. Nd5 Nxd5 11. cxd5 Nb4 12. a3 Nd3 13. Bc3 f5 14. Qc2 e4 15. f3
exf3 16. Bxf3 Ne5 17. Bg2 Qe7 18. Rae1 b6 19. d4 Ng4 20. Nf4 Ba6 21. dxc5 Bxc3
22. Qxc3 Bxf1 23. cxd6 Qxd6 24. Bxf1 Rfc8 25. Qd2 Nf6 26. Qd4 Kf7 27. a4 Re8 28.
Bc4 Re4 29. Qd2 Rbe8 30. Ne6 Kg8 31. Rd1 Ng4 32. Qc1 Nxe3 33. Re1 Nxd5 34. Rxe4
fxe4 35. Nf4 Kg7 36. Nxd5 Qe5 37. Ne3 Rf8 38. Qd2 h5 39. Kg2 a5 40. Nd5 Qf5 41.
Qe2 Qe5 42. h4 Qd4 43. Nf4 e3 44. Ne6+ 1-0

[Event "European Blitz 2017"]
[Site "Katowice POL"]
[Date "2017.12.15"]
[Round "12.23"]
[White "Wiewiora, Eneasz"]
[Black "Saric, Ante"]
[Result "1/2-1/2"]
[WhiteTitle "FM"]
[BlackTitle "GM"]
[WhiteElo "2320"]
[BlackElo "2540"]
[WhiteFideId "1140396"]
[BlackFideId "14506254"]
[EventDate "2017.12.15"]
[EventType "blitz"]

1. e4 e6 2. d4 d5 3. exd5 exd5 4. Bd3 Nf6 5. Nf3 Bd6 6. O-O O-O 7. Bg5 Bg4 8.
Nbd2 Nbd7 9. c3 c6 10. Qc2 Qc7 11. Rae1 Rae8 12. Bh4 Bh5 13. Bg3 Bxg3 14. hxg3
Bxf3 15. Nxf3 g6 16. Rxe8 Rxe8 17. Re1 Kf8 18. Qd2 Rxe1+ 19. Qxe1 Qd8 20. Kf1
Ng4 21. Qd2 Qe7 22. Qf4 Ndf6 23. Ne5 Nxe5 24. Qxe5 Qxe5 25. dxe5 Nd7 26. f4 f6
27. exf6 Nxf6 28. Kf2 Kf7 29. Kf3 h6 30. g4 g5 31. g3 Ke6 32. Bf5+ Kd6 33. Ke3
c5 34. Kd3 b6 35. a3 Ne8 36. c4 Nf6 37. b4 cxb4 38. axb4 dxc4+ 39. Kxc4 Nd5 40.
fxg5 hxg5 41. Kb5 Nc7+ 42. Kc4 a5 43. bxa5 bxa5 44. Bc2 Ke5 45. Kc5 Nd5 46. Ba4
Ne3 47. Bd7 Nf1 48. Kb5 Nxg3 49. Kxa5 Ne4 50. Kb4 Kf4 51. Bc8 Nf6 52. Kc3 Nxg4
53. Kd2 Kg3 54. Ke2 Nf6 55. Kf1 Nd5 56. Kg1 Ne7 57. Bd7 Kf4 58. Kf2 Ng6 59. Bc8
Ne5 1/2-1/2

[Event "European Blitz 2017"]
[Site "Katowice POL"]
[Date "2017.12.15"]
[Round "12.24"]
[White "Vykouk, Jan"]
[Black "Ponkratov, Pavel"]
[Result "0-1"]
[WhiteTitle "FM"]
[BlackTitle "GM"]
[WhiteElo "2435"]
[BlackElo "2613"]
[WhiteFideId "349658"]
[BlackFideId "4157800"]
[EventDate "2017.12.15"]
[EventType "blitz"]

1. e4 g6 2. d4 Bg7 3. Nc3 d5 4. Nxd5 c6 5. Ne3 Qxd4 6. Qxd4 Bxd4 7. c3 Bg7 8.
Bc4 Nf6 9. f3 Nbd7 10. Ne2 Nc5 11. a4 a5 12. O-O Nfd7 13. Rd1 Nb6 14. Nd4 Ncxa4
15. Nb3 O-O 16. Be2 Be6 17. Nd4 Nc5 18. Nxe6 Nxe6 19. Nc2 Nc8 20. Be3 Nd6 21.
Bb6 a4 22. Ra3 Nb5 23. Bxb5 cxb5 24. Rd7 Ra6 25. Be3 Rb8 26. Ra1 Kf8 27. Rad1
Ke8 28. Nb4 Raa8 29. R7d5 Nc7 30. Rc5 Rc8 31. Nd5 Nxd5 32. Rdxd5 Rxc5 33. Rxc5
b4 34. cxb4 Bxb2 35. Rb5 a3 0-1

[Event "European Blitz 2017"]
[Site "Katowice POL"]
[Date "2017.12.15"]
[Round "12.26"]
[White "Demidov, Mikhail"]
[Black "Mikrut, Dariusz"]
[Result "1-0"]
[WhiteTitle "IM"]
[BlackTitle "IM"]
[WhiteElo "2523"]
[BlackElo "2375"]
[WhiteFideId "4197143"]
[BlackFideId "1112791"]
[EventDate "2017.12.15"]
[EventType "blitz"]

1. d4 Nf6 2. Bg5 Ne4 3. Bf4 c5 4. f3 Qa5+ 5. c3 Nf6 6. Nd2 cxd4 7. Nc4 Qd8 8.
cxd4 d6 9. e4 g6 10. Qd2 Bg7 11. Bh6 Bxh6 12. Qxh6 Nc6 13. d5 Na5 14. Rc1 Nxc4
15. Bxc4 Bd7 16. Ne2 Qb6 17. Bb3 a5 18. Qd2 O-O 19. Qd4 Qxd4 20. Nxd4 Rfc8 21.
Kd2 Kf8 22. Bc4 Ke8 23. Rc3 Rc5 24. Rhc1 Rac8 25. Nb3 R5c7 26. Nxa5 Ra8 27. Ra3
b5 28. Bxb5 Rxc1 29. Bxd7+ Kxd7 30. Kxc1 e6 31. dxe6+ fxe6 32. Nc4 Rc8 33. Rc3
Ke7 34. Kd2 Rb8 35. b3 d5 36. Ne5 Kd6 37. Nd3 dxe4 38. Nf2 exf3 39. Rxf3 Nd5 40.
Nd1 Ra8 41. a4 Ra7 42. Nc3 Nb4 43. Nb5+ Kd5 1-0

[Event "European Blitz 2017"]
[Site "Katowice POL"]
[Date "2017.12.15"]
[Round "12.27"]
[White "Sadzikowski, Daniel"]
[Black "Hracek, Zbynek"]
[Result "0-1"]
[WhiteTitle "GM"]
[BlackTitle "GM"]
[WhiteElo "2584"]
[BlackElo "2592"]
[WhiteFideId "1132253"]
[BlackFideId "300071"]
[EventDate "2017.12.15"]
[EventType "blitz"]

1. Nf3 c5 2. e4 Nc6 3. Bb5 d6 4. O-O Bd7 5. Re1 Nf6 6. c3 a6 7. Bf1 Bg4 8. d4
cxd4 9. cxd4 e5 10. d5 Nd4 11. Be3 Bxf3 12. gxf3 Be7 13. Nc3 O-O 14. f4 g6 15.
fxe5 dxe5 16. f4 Nb5 17. Nxb5 axb5 18. fxe5 Nd7 19. e6 Ne5 20. Bh3 Bd6 21. Rf1
Qh4 22. exf7+ Rxf7 23. Be6 Rf8 24. Rxf7 Rxf7 25. Qe2 Qxe4 26. Rf1 Bc5 27. Bxc5
Qxe2 0-1

[Event "European Blitz 2017"]
[Site "Katowice POL"]
[Date "2017.12.15"]
[Round "12.28"]
[White "Bosiocic, Marin"]
[Black "Saraci, Nderim"]
[Result "1-0"]
[WhiteTitle "GM"]
[BlackTitle "FM"]
[WhiteElo "2624"]
[BlackElo "2398"]
[WhiteFideId "14507927"]
[BlackFideId "6351921"]
[EventDate "2017.12.15"]
[EventType "blitz"]

1. d4 Nf6 2. Bg5 d5 3. e3 c6 4. Bd3 Bg4 5. f3 Bh5 6. Ne2 Bg6 7. O-O e6 8. c4
Bxd3 9. Qxd3 dxc4 10. Qxc4 Qd5 11. Qxd5 cxd5 12. Nbc3 Nc6 13. e4 dxe4 14. fxe4
Be7 15. e5 Nd5 16. Nxd5 exd5 17. Be3 f6 18. Nf4 fxe5 19. dxe5 d4 20. Bd2 Bg5 21.
h4 Bxf4 22. Rxf4 Ke7 23. e6 Kxe6 24. Re1+ Kd6 25. Rf7 Rae8 26. Bf4+ Kc5 27. Rc1+
Kb6 28. Rxg7 Re2 29. b4 a6 30. a4 Rb2 31. Bd6 Nxb4 32. Bc5+ Ka5 33. Bxd4 Nd3 34.
Bxb2 Nxb2 35. Rxb7 Nxa4 36. Rc6 Rd8 37. Rf6 Rd5 38. Rxh7 Kb5 1-0

[Event "European Blitz 2017"]
[Site "Katowice POL"]
[Date "2017.12.15"]
[Round "12.29"]
[White "Klekowski, Maciej"]
[Black "Bartel, Michal"]
[Result "1-0"]
[WhiteTitle "IM"]
[BlackTitle "FM"]
[WhiteElo "2498"]
[BlackElo "2360"]
[WhiteFideId "1132717"]
[BlackFideId "1119257"]
[EventDate "2017.12.15"]
[EventType "blitz"]

1. c4 e5 2. Nc3 d6 3. d4 exd4 4. Qxd4 Nc6 5. Qd2 g6 6. b3 Bg7 7. Bb2 Nge7 8. g3
O-O 9. Bg2 Be6 10. Rd1 Nf5 11. Nf3 Nfd4 12. Nxd4 Nxd4 13. Bxb7 Rb8 14. Bg2 Re8
15. Ne4 c5 16. O-O Bf5 17. Nc3 Bg4 18. Rfe1 Qa5 19. f3 Be6 20. Na4 Qxd2 21. Rxd2
Bd7 22. Nc3 a5 23. e3 Nf5 24. Ne4 a4 25. g4 Bxb2 26. Rxb2 Rxe4 27. fxe4 Ne7 28.
h3 Nc6 29. Rd1 Be6 30. Rxd6 Ne5 31. Rbd2 Kg7 32. Rd8 Rb4 33. R8d5 f6 34. Rd6 Bf7
35. Rf2 axb3 36. axb3 Rxb3 37. Rdxf6 Rxe3 38. Kh2 Bxc4 39. Rb6 Bf7 40. Rb7 c4
41. Re7 1-0

[Event "European Blitz 2017"]
[Site "Katowice POL"]
[Date "2017.12.15"]
[Round "12.30"]
[White "Horton, Andrew P"]
[Black "Trent, Lawrence"]
[Result "0-1"]
[WhiteTitle "FM"]
[BlackTitle "IM"]
[WhiteElo "2397"]
[BlackElo "2436"]
[WhiteFideId "424269"]
[BlackFideId "408638"]
[EventDate "2017.12.15"]
[EventType "blitz"]

1. Nf3 g6 2. g3 Bg7 3. Bg2 Nf6 4. c4 O-O 5. O-O d6 6. Nc3 c6 7. d3 e5 8. Rb1 a5
9. a3 Re8 10. Bg5 Nbd7 11. b4 axb4 12. axb4 h6 13. Bxf6 Nxf6 14. b5 d5 15. Qc2
e4 16. dxe4 dxe4 17. Rfd1 Qe7 18. Nd4 e3 19. bxc6 exf2+ 20. Kh1 bxc6 21. Nxc6
Qc5 22. Nd4 Ra7 23. Ncb5 Rae7 24. e3 Rxe3 25. Qxf2 Ng4 26. Qg1 Qh5 27. Nd6 Bxd4
28. Rxd4 Re1 29. Rxe1 Rxe1 0-1

[Event "European Blitz 2017"]
[Site "Katowice POL"]
[Date "2017.12.15"]
[Round "12.31"]
[White "Castellanos Rodriguez, Renier"]
[Black "Heinzel, Olaf"]
[Result "1-0"]
[WhiteTitle "IM"]
[BlackTitle "IM"]
[WhiteElo "2501"]
[BlackElo "2360"]
[WhiteFideId "3404650"]
[BlackFideId "4626664"]
[EventDate "2017.12.15"]
[EventType "blitz"]

1. e4 d5 2. exd5 Qxd5 3. Nc3 Qd6 4. d4 c6 5. Nf3 Nf6 6. h3 Bf5 7. Nh4 Bg6 8.
Nxg6 hxg6 9. g3 e6 10. Bg2 Be7 11. O-O Nbd7 12. a3 Qc7 13. Ne2 O-O 14. c4 Rfd8
15. Qc2 Rac8 16. b3 c5 17. Bb2 cxd4 18. Nxd4 a6 19. Qe2 Qb6 20. b4 Nf8 21. c5
Qc7 22. Rad1 Nd5 23. Rfe1 Bf6 24. h4 Qe7 25. h5 a5 26. hxg6 Nxg6 27. Nf5 exf5
28. Bxd5 Qxe2 29. Rxe2 Bxb2 30. Rxb2 axb4 31. axb4 f4 32. Rbd2 Rd7 33. Be4 Re7
34. Bxg6 fxg6 35. Rd8+ Rxd8 36. Rxd8+ Kf7 37. gxf4 Kf6 38. Kg2 Re4 39. Rd6+ Kf5
40. Rb6 Re7 41. Kf3 Rd7 42. Rd6 Rxd6 43. cxd6 Ke6 44. Kg4 Kxd6 45. Kg5 Ke6 46.
Kxg6 b5 47. f3 Kd5 1-0

[Event "European Blitz 2017"]
[Site "Katowice POL"]
[Date "2017.12.15"]
[Round "12.32"]
[White "Kyc, Jerzy"]
[Black "Gajewski, Grzegorz"]
[Result "1-0"]
[BlackTitle "GM"]
[WhiteElo "2265"]
[BlackElo "2601"]
[WhiteFideId "1163922"]
[BlackFideId "1116207"]
[EventDate "2017.12.15"]
[EventType "blitz"]

1. e4 c5 2. Nf3 e6 3. d4 cxd4 4. Nxd4 a6 5. Bd3 Bc5 6. Nb3 Be7 7. O-O d6 8. c4
Nf6 9. Nc3 Nbd7 10. Be3 b6 11. f4 Bb7 12. Qe2 Qc7 13. Rac1 O-O 14. g4 Nc5 15.
Nxc5 bxc5 16. g5 Nd7 17. Rf3 Rfe8 18. Rh3 g6 19. Qg4 Bf8 20. Qh4 h5 21. gxh6 Kh7
22. Rc2 Qd8 23. Qg3 Be7 24. Kf1 Bf6 25. Ne2 Qe7 26. Ng1 e5 27. Re2 exf4 28. Bxf4
Ne5 29. b3 Bc8 30. Bc2 Bg4 31. Rd2 Rad8 32. Rd5 Qe6 33. Bd1 Bxd1 34. Rxd1 Nc6
35. Qg2 Bd4 36. Nf3 Qxe4 37. Ng5+ 1-0

[Event "European Blitz 2017"]
[Site "Katowice POL"]
[Date "2017.12.15"]
[Round "12.33"]
[White "Olszewski, Michal"]
[Black "Janaszak, Dawid"]
[Result "0-1"]
[WhiteTitle "GM"]
[BlackTitle "FM"]
[WhiteElo "2540"]
[BlackElo "2372"]
[WhiteFideId "1121251"]
[BlackFideId "1119206"]
[EventDate "2017.12.15"]
[EventType "swiss"]

1. e4 c5 2. Nf3 Nc6 3. Nc3 g6 4. d4 cxd4 5. Nxd4 Bg7 6. Be3 Nf6 7. f3 O-O 8. Qd2
d5 9. O-O-O dxe4 10. Nxc6 Qxd2+ 11. Rxd2 bxc6 12. Nxe4 Nd5 13. Bg5 f6 14. c4 Nb4
15. Be3 f5 16. Nc3 a5 17. a3 Na6 18. Na4 Be6 19. Be2 Rab8 20. Rhd1 Rb3 21. Kc2
Rxe3 22. Bf1 f4 23. Rd8 Bf5+ 24. Kc1 Rxd8 25. Rxd8+ Kf7 26. Ra8 Re1+ 27. Kd2
Rxf1 28. Rxa6 Rf2+ 29. Ke1 Rxg2 30. Rxa5 Bxb2 0-1